000
00278nam a22001217a 4500
040
_c
SY
082
_a
839
100
_a
KOL TOUCH; គល់ ទូច
245
_a
ដី និង ព្រៃកម្ពុជា
260
_a
RUA
_b
KOL
_c
1995
300
_a
152p.
942
_c
KB
999
_c
9159
_d
9159